000 003330000a22001330004500
060 _a100
082 _a582.130 433 MAH
100 _aMaheswari, P
245 _aIntroduction to the Embryology of angiosperms
260 _aNewdelhi, Tata mc graw - hill publishing company limited
260 _c1950
300 _a453
942 _cBK
999 _c350074
_d350074